Ασκήσεις μακροοικονομικής θεωρίας

Αποθηκεύτηκε σε:
Λεπτομέρειες βιβλιογραφικής εγγραφής
Άλλοι συγγραφείς: Παλαιολόγος, Ιωάννης Μ. 1948- (Επιμελητής έκδοσης), Σαραντίδης, Στυλιανός Α. (Επιμελητής έκδοσης)
Μορφή: Βιβλίο
Γλώσσα:Greek
Δημοσίευση: Πειραιάς : Α. Σταμούλης, [χ.χ.]
Θέματα:
Ετικέτες: Προσθήκη ετικέτας
Δεν υπάρχουν, Καταχωρήστε ετικέτα πρώτοι!

MARC

LEADER 00000nam a2200000 i 4500
001 1/65232
008 980820s gre d
035 |l 10029590 
040 |a GR-MY-UA  |b gre  |e aacr 
041 0 |a gre 
245 1 0 |a Ασκήσεις μακροοικονομικής θεωρίας /  |c επιμ.: Γιάννης Παλαιολόγος ; με τη συμβολή του καθηγητή Σ. Σαραντίδη 
260 |a Πειραιάς :   |b Α. Σταμούλης,   |c [χ.χ.] 
300 |a 213 σελ. 
504 |a Περιέχει βιβλιογραφία 
650 0 0 |a Macroeconomics  |x Problems, exercises, etc. 
700 1 |a Παλαιολόγος, Ιωάννης Μ.  |d 1948-  |4 edt 
700 1 |a Σαραντίδης, Στυλιανός Α.  |4 edt 
852 |a INST  |b CHIOS  |e 19980820  |h 339.076 ΑΣΚ  |p 005200015835  |q 005200015835  |t BK  |y 0 
901 |a BIBL-1998-2 
909 |a Χ  |b 058726 
922 |a 2ΕΛΗ  |b 199807  |c ΡΟΜΠΟΛΗΣ  |d EMVASIS